000 00475nam a2200205Ia 4500
003 OSt
005 20220918173733.0
006 a|||||r|||| 00| 0
007 ta
008 220917b |||||||| |||| 00| 0 eng d
024 _a8,120
037 _cTextual
040 _aARTS
_cARTS
_beng
041 _2eng
_aeng
082 _a865:N, K2
245 0 _aGuid' ouest Africain 1961-62
260 _c1962
942 _h865:N, K2
_cTEXL
_2CC
999 _c149910
_d149910